V Úrade KSK prišli o miesta ďalší vedúci odborov

Bibliographic Details
Main Author: Jesenský, Mikuláš (Author)
Format: Article
Language:Slovak
PhysicalDescription:Obr.
ISSN:1335-4566
Subjects:

MARC

LEADER 00000nab a2200000 a 4500
001 vtls008623626
003 SK-MaSNL
005 20260303192305.0
008 060217 20060216xo dr er 000 0 slo
038 |a KEVKJB 
040 |a VKJB  |b slo  |c VKJB  |e AACR2 
041 0 |a slo 
044 |a xo  |c SK 
080 |a 353.2  |2 UDC-MRF-SK2 
100 1 |a Jesenský, Mikuláš  |4 aut  |9 266855 
245 1 0 |a V Úrade KSK prišli o miesta ďalší vedúci odborov  |c Mikuláš Jesenský 
300 |b Obr. 
610 2 7 |a Košický samosprávny kraj (Slovensko).  |b Úrad  |2 kevkjb  |9 30611 
650 0 7 |a personálne zmeny  |2 kevkjb  |9 1016550 
651 7 |a Košice (Slovensko)  |2 kevkjb  |9 18694 
773 0 |t Košický denník Korzár  |g Roč. IX, č. 39 (16.2.2006), s. 2  |x 1335-4566 
852 |a KEVKJB  |b KIS3GCP 
999 |c 2145397  |d 2147327